ბათუმის შოთა რუსთაველის სახელმწიფო უნივერსიტეტის ბიბლიოთეკა

ნარკვევი ინგლისის ეკონომიკური განვითარების ისტორიიდან (XV-XVI სს) / (ბიბ.ჩანაწერი № 56164)

000 -ლიდერი
ფიქსირებული სიგრძის საკონტროლო ველი 01224nam a2200265Ia 4500
001 - საკონტროლო ნომერი
საკონტროლო ველი 23265
003 - საკონტროლო ნომრის იდენტიფიკატორი
საკონტროლო ველი GE_BSU
005 - ბოლო ოპერაციის თარიღი და დრო
საკონტროლო ველი 20251201203236.0
008 - ფიქსირებული სიგრძის მონაცემთა ელემენტები - ზოგადი ინფორმაცია
ფიქსირებული სიგრძის საკონტროლო ველი 181216s2002||||ge |||||||||||||| ||geo||
020 ## - წიგნის საერთაშორისო სტანდარტული ნომერი
International Standard Book Number 99928-850-6-8
040 ## - კატალოგიზაციის წყარო
Transcribing agency GE_BSU
041 ## - ენის კოდი
Language code of text/sound track or separate title geo
080 ## - უნივერსალური ათობითი კლასიფიკაციის ინდექსი
Universal Decimal Classification number 338(410) + 658.6/9(410) ბ-45
100 ## - მთავარი ჩანაწერი - პიროვნების სახელი
Personal name ბელთაძე, იზოლდა
9 (RLIN) 2863
245 ## - ცნობა სათაურის შესახებ
Title ნარკვევი ინგლისის ეკონომიკური განვითარების ისტორიიდან (XV-XVI სს) /
Statement of responsibility, etc რედ.: გივი ჟორდანია.
264 ## - წარმოების, გამოცემის, დისტრიბუციის და სხვა ცნობები
გამოცემის, წარმოების, დისტრიბუციის... ადგილი ბათუმი :
გამოცემის, წარმოების, დისტრიბუციის... სახელწოდება აჭარა,
გამოცემის, წარმოების, დისტრიბუციის... თარიღი 2002.
300 ## - ფიზიკური აღწერა
Extent 260 გვ. ;
Dimensions 20 სმ.
520 ## - SUMMARY, ETC.
Summary, etc რეზიუმე რუსულ ენაზე
653 ## - INDEX TERM--UNCONTROLLED
Uncontrolled term ინგლისის ეკონომიკა
653 ## - INDEX TERM--UNCONTROLLED
Uncontrolled term ვაჭრობა ინგლისში
653 ## - INDEX TERM--UNCONTROLLED
Uncontrolled term ნარკვევი ინგლისის ეკონომიკური განვითარების ისტორიიდან (XV-XVI სს)
700 ## - ADDED ENTRY--PERSONAL NAME
Personal name ჟორდანია, გივი
Relator term რედაქტორი
9 (RLIN) 2864
942 ## - ADDED ENTRY ELEMENTS (KOHA)
Koha item type წიგნი
Source of classification or shelving scheme
ეგზემპლარები
ჩამოწერის სტატუსი დაკარგული ეგზემპლარის სტატუსი კლასიფიკაციის წყარო ან თაროზე გაწყობის სქემა დაზიანების სტატუსი არ გაიცემა მუდმივი მდებარეობა (დაცვის ადგილი) ამჟამინდელი ადგილსამყოფელი თაროზე განთავსების ადგილი შეძენის თარიღი ღირებულება, შესყიდვის ნორმალური ფასი სრული შენახვის შიფრი შტრიხკოდი ბოლო ოპერაციის თარიღი ეგზემპლარის მიმდევრობითი ნომერი (კეტერი?) ფასის ძალაში შესვლის თარიღი ეგზემპლარის სახეობა საჯარო შენიშვნა
          ბათუმის შოთა რუსთაველის სახელმწიფო უნივერსიტეტის მთავარი ბიბლიოთეკა ბათუმის შოთა რუსთაველის სახელმწიფო უნივერსიტეტის მთავარი ბიბლიოთეკა წიგნსაცავი 2018-12-17 8.00 338(410) + 658.6/9(410) ბ-45 28265 2018-12-17 28265 2018-12-17 წიგნი 8.00 ₾.